[Event "GER Cup Net V4 U2000"]
[Site "Playchess.com INT"]
[Date "2020.05.31"]
[Round "8"]
[White "Schenk, Jonatan"]
[Black "Helbig, Dirk"]
[Result "0-1"]
[WhiteElo "1589"]
[BlackElo "1540"]
[PlyCount "64"]
[EventDate "2020.05.31"]
[EventType "swiss (blitz)"]
[EventRounds "9"]
[EventCountry "GER"]
[SourceTitle "EXT 2021"]
[Source "ChessBase"]
[SourceDate "2020.10.23"]
[SourceVersion "1"]
[SourceVersionDate "2020.10.23"]
[SourceQuality "1"]

1. e4 c5 2. d4 cxd4 3. c3 dxc3 4. Nxc3 Nc6 5. Bc4 e6 6. Nf3 g6 7. 0-0 Bg7 8. Qe2 Nge7 9. Bg5 0-0 10. Nd5 a6 11. Rac1 Re8 12. Nf6+ Bxf6 13. Bxf6 d5 14. Rfd1 Qa5 15. exd5 exd5 16. Rxd5 b5 17. Bb3 Be6 18. Bc3 Qc7 19. Rdd1 Bxb3 20. axb3 Nd5 21. Qf1 Nxc3 22. Rxc3 Rac8 23. Nd4 Qb6 24. Nxc6 Rxc6 25. Rxc6 Qxc6 26. Rc1 Qe6 27. h3 Qxb3 28. Rb1 a5 29. Qc1 b4 30. Qc6 Re6 31. Qc8+ Kg7 32. Qb7 a4 0-1

[Event "GER Cup Net V3 U2000"]
[Site "Playchess.com INT"]
[Date "2020.05.27"]
[Round "9"]
[White "Helbig, Dirk"]
[Black "Berg, Juergen"]
[Result "0-1"]
[WhiteElo "1547"]
[BlackElo "1641"]
[PlyCount "172"]
[EventDate "2020.05.27"]
[EventType "swiss (blitz)"]
[EventRounds "9"]
[EventCountry "GER"]
[SourceTitle "EXT 2021"]
[Source "ChessBase"]
[SourceDate "2020.10.23"]
[SourceVersion "1"]
[SourceVersionDate "2020.10.23"]
[SourceQuality "1"]

1. c4 e6 2. d4 Nf6 3. Nc3 Bb4 4. e3 c5 5. dxc5 Na6 6. Nge2 Nxc5 7. a3 Bxc3+ 8. Nxc3 0-0 9. Be2 Nce4 10. Nxe4 Nxe4 11. f3 Nf6 12. 0-0 b6 13. b4 Bb7 14. Bb2 Rc8 15. Rc1 d5 16. cxd5 Rxc1 17. Qxc1 Nxd5 18. Rd1 Qc8 19. Qxc8 Rxc8 20. e4 Rc2 21. exd5 Bxd5 22. Bf1 Rxb2 23. Bc4 g6 24. Bxd5 exd5 25. Rxd5 Rb3 26. Rd8+ Kg7 27. Rd7 Rxa3 28. Kf2 a5 29. bxa5 Rxa5 30. Rb7 Rb5 31. Ke3 Rb2 32. g4 g5 33. h3 h6 34. Ke4 b5 35. Kf5 b4 36. f4 gxf4 37. Kxf4 b3 38. Ke3 Rb1 39. Kd2 b2 40. Kc2 Rh1 41. Rxb2 Rxh3 42. Rb4 Rg3 43. Kd2 Rf3 44. Ke2 Rf6 45. Ke3 Kg6 46. Rb5 Rf1 47. Ke2 Rf4 48. Rb6+ f6 49. Re6 Rxg4 50. Kf3 Rg1 51. Kf2 Rg4 52. Kf3 Rg5 53. Kf4 Rf5+ 54. Kg4 Ra5 55. Re4 h5+ 56. Kh4 Rb5 57. Rc4 Re5 58. Rd4 Re1 59. Rc4 Rh1+ 60. Kg3 f5 61. Kg2 Re1 62. Kf2 Re5 63. Kg3 Kg5 64. Rb4 Re3+ 65. Kf2 Rd3 66. Kg2 h4 67. Kh2 f4 68. Kg2 Kg4 69. Rb8 Rd2+ 70. Kg1 h3 71. Rg8+ Kf3 72. Rh8 Rg2+ 73. Kf1 h2 74. Rh3+ Rg3 75. Rxh2 Ke3 76. Re2+ Kf3 77. Rf2+ Kg4 78. Ke2 Ra3 79. Kf1 f3 80. Rd2 Kg3 81. Rd1 Re3 82. Kg1 Re2 83. Kf1 Rh2 84. Ke1 Rh1+ 85. Kd2 Rxd1+ 86. Kxd1 Kg2 0-1

[Event "GER Cup Net V3 U2000"]
[Site "Playchess.com INT"]
[Date "2020.05.27"]
[Round "2"]
[White "Helbig, Dirk"]
[Black "Schewe, Bernhard"]
[Result "0-1"]
[WhiteElo "1535"]
[BlackElo "1734"]
[PlyCount "58"]
[EventDate "2020.05.27"]
[EventType "swiss (blitz)"]
[EventRounds "9"]
[EventCountry "GER"]
[SourceTitle "EXT 2021"]
[Source "ChessBase"]
[SourceDate "2020.10.23"]
[SourceVersion "1"]
[SourceVersionDate "2020.10.23"]
[SourceQuality "1"]

1. c4 e6 2. Nc3 f5 3. d4 Nf6 4. g3 Be7 5. Bg2 0-0 6. Nf3 c6 7. 0-0 d5 8. cxd5 exd5 9. Bf4 Ne4 10. Rc1 Be6 11. e3 Nd7 12. a3 h6 13. b4 a5 14. Ne5 Nxe5 15. Bxe5 axb4 16. axb4 Bxb4 17. Nxe4 fxe4 18. f3 exf3 19. Bxf3 Bd6 20. Bxd6 Qxd6 21. Bg2 Rae8 22. Qd2 Bf5 23. Rc3 Be4 24. Rf4 Rxf4 25. exf4 Bxg2 26. Kxg2 Re4 27. Rb3 b5 28. Rb4 Qf6 29. Qd3 Qe6 0-1

[Event "GER Cup Net V3 U2000"]
[Site "Playchess.com INT"]
[Date "2020.05.27"]
[Round "7"]
[White "Spieker, Hans Joachim"]
[Black "Helbig, Dirk"]
[Result "1-0"]
[WhiteElo "1712"]
[BlackElo "1534"]
[PlyCount "57"]
[EventDate "2020.05.27"]
[EventType "swiss (blitz)"]
[EventRounds "9"]
[EventCountry "GER"]
[SourceTitle "EXT 2021"]
[Source "ChessBase"]
[SourceDate "2020.10.23"]
[SourceVersion "1"]
[SourceVersionDate "2020.10.23"]
[SourceQuality "1"]

1. d4 Nf6 2. c4 d6 3. Nf3 g6 4. g3 Bg7 5. Bg2 0-0 6. 0-0 Nbd7 7. Nc3 e5 8. dxe5 Nxe5 9. b3 Qe7 10. Bb2 Nxf3+ 11. Bxf3 Rb8 12. Qc2 a6 13. Rad1 Bf5 14. e4 Bh3 15. Rfe1 Nd7 16. Nd5 Qd8 17. Bxg7 Kxg7 18. Qc3+ f6 19. Nf4 Ne5 20. Nxh3 Nxf3+ 21. Qxf3 Qd7 22. Nf4 Rbe8 23. c5 Re5 24. cxd6 cxd6 25. Nd5 f5 26. Qc3 Kg8 27. exf5 Rxe1+ 28. Rxe1 Qxf5 29. Ne7+ 1-0

[Event "GER-ch Net Amateur Gr-B Vor1"]
[Site "Playchess.com INT"]
[Date "2020.04.14"]
[Round "9"]
[White "Banzhaf, Steffen"]
[Black "Helbig, Dirk"]
[Result "1-0"]
[WhiteElo "1428"]
[BlackElo "1575"]
[PlyCount "43"]
[EventDate "2020.04.14"]
[EventType "swiss (blitz)"]
[EventRounds "9"]
[EventCountry "GER"]
[SourceTitle "EXT 2021"]
[Source "ChessBase"]
[SourceDate "2020.10.23"]
[SourceVersion "1"]
[SourceVersionDate "2020.10.23"]
[SourceQuality "1"]

1. d4 Nf6 2. Bg5 d6 3. Bxf6 Nd7 4. Bh4 c5 5. dxc5 Nxc5 6. Nc3 g6 7. e3 Bg7 8. Bb5+ Bd7 9. Bxd7+ Qxd7 10. Nge2 0-0 11. 0-0 Ne4 12. Nxe4 Qg4 13. Bxe7 Rfe8 14. Nf6+ Bxf6 15. Bxf6 Qe6 16. Bc3 a5 17. Nf4 Qd7 18. Qd4 Re5 19. Nd3 f6 20. Nxe5 fxe5 21. Qd5+ Kf8 22. Rad1 1-0

[Event "GER-ch Net Amateur Gr-B Vor1"]
[Site "Playchess.com INT"]
[Date "2020.04.14"]
[Round "4"]
[White "Hansch, Torsten"]
[Black "Helbig, Dirk"]
[Result "0-1"]
[WhiteElo "1406"]
[BlackElo "1575"]
[PlyCount "60"]
[EventDate "2020.04.14"]
[EventType "swiss (blitz)"]
[EventRounds "9"]
[EventCountry "GER"]
[SourceTitle "EXT 2021"]
[Source "ChessBase"]
[SourceDate "2020.10.23"]
[SourceVersion "1"]
[SourceVersionDate "2020.10.23"]
[SourceQuality "1"]

1. e4 c5 2. Nf3 d6 3. Bb5+ Bd7 4. Ba6 bxa6 5. 0-0 g6 6. b3 Bg7 7. Nc3 Nf6 8. Bb2 0-0 9. d3 Nc6 10. h3 e6 11. Rb1 Ne8 12. Re1 f5 13. exf5 exf5 14. Nd5 Nc7 15. Nxc7 Qxc7 16. Bxg7 Kxg7 17. d4 cxd4 18. Nxd4 Rfe8 19. Nxc6 Qxc6 20. Qd4+ Kf7 21. Rxe8 Rxe8 22. Qd3 Re6 23. Rd1 Bc8 24. c4 Bb7 25. f3 Qc5+ 26. Kh1 Ke7 27. Qc3 Re5 28. Qd2 Kd7 29. Qh6 Re7 30. Qd2 Qe5 0-1

[Event "GER-ch Net Amateur Gr-B Vor1"]
[Site "Playchess.com INT"]
[Date "2020.04.14"]
[Round "3"]
[White "Helbig, Dirk"]
[Black "Ebner, Bruno"]
[Result "1/2-1/2"]
[WhiteElo "1575"]
[BlackElo "1604"]
[PlyCount "112"]
[EventDate "2020.04.14"]
[EventType "swiss (blitz)"]
[EventRounds "9"]
[EventCountry "GER"]
[SourceTitle "EXT 2021"]
[Source "ChessBase"]
[SourceDate "2020.10.23"]
[SourceVersion "1"]
[SourceVersionDate "2020.10.23"]
[SourceQuality "1"]

1. c4 g6 2. d4 Bg7 3. e4 d6 4. f4 f5 5. e5 dxe5 6. fxe5 Nc6 7. Nf3 e6 8. Nc3 Nge7 9. Bf4 0-0 10. Be2 h6 11. 0-0 Kh7 12. Rb1 Bd7 13. b4 a6 14. a4 g5 15. Nxg5+ hxg5 16. Bxg5 Be8 17. Qe1 Qxd4+ 18. Kh1 Ng6 19. Bh5 Ncxe5 20. Rd1 Qxc4 21. Bxg6+ Bxg6 22. Ne2 Rh8 23. Nf4 Bf7 24. h3 Kg8 25. Rf2 Re8 26. Rfd2 Bh6 27. Bxh6 Rxh6 28. Qg3+ Ng6 29. Rd4 Qc6 30. Kh2 Kh7 31. Rd7 Rf8 32. Nxg6 Rxg6 33. Qh4+ Kg7 34. R1d2 Rh8 35. Qe7 Rf8 36. Rxc7 Qxa4 37. Rdd7 Rf6 38. Qc5 Qa2 39. Rxb7 Rg6 40. Qc6 e5 41. Qd5 Qxd5 42. Rxd5 e4 43. Rxf5 Rf6 44. Re5 Rf4 45. Kg3 Kg6 46. Rb6+ Rf6 47. Rxf6+ Kxf6 48. Rxe4 Rg8+ 49. Kf2 Bd5 50. Rf4+ Ke5 51. g3 Rc8 52. Rf8 Rc2+ 53. Ke3 Rc3+ 54. Kf2 Rc2+ 55. Ke3 Rc3+ 56. Kf2 Rc2+ 1/2-1/2

[Event "GER-ch Net blitz qual3"]
[Site "Playchess.com INT"]
[Date "2020.03.21"]
[Round "3"]
[White "Helbig, Dirk"]
[Black "Emig, Nils"]
[Result "0-1"]
[WhiteElo "1596"]
[BlackElo "1832"]
[PlyCount "82"]
[EventDate "2020.03.21"]
[EventType "swiss (blitz)"]
[EventRounds "9"]
[EventCountry "GER"]
[SourceTitle "CBM 195 Extra"]
[Source "ChessBase"]
[SourceDate "2020.05.31"]
[SourceVersion "1"]
[SourceVersionDate "2020.05.31"]
[SourceQuality "1"]

1. c4 Nf6 2. Nc3 g6 3. d4 d6 4. e4 Bg7 5. f4 c5 6. d5 e6 7. Nf3 exd5 8. cxd5 0-0 9. Be2 Re8 10. Nd2 a6 11. 0-0 b5 12. Bf3 Qb6 13. Kh1 Bb7 14. Qb3 Nbd7 15. Nc4 bxc4 16. Qxc4 Qc7 17. Bd2 Nb6 18. Qb3 Rab8 19. Qc2 Nc4 20. Bc1 Qe7 21. b3 Nb6 22. Re1 Nfxd5 23. Nxd5 Nxd5 24. Bb2 Bxb2 25. Qxb2 Nxf4 26. Qd2 Qe5 27. g3 Ne6 28. Rad1 Nd4 29. Bg2 a5 30. Qd3 Ra8 31. Re3 Ba6 32. Qd2 Bb5 33. Rf1 Bxf1 34. Bxf1 a4 35. Kg2 axb3 36. axb3 Ra3 37. Qb2 Rea8 38. Bc4 Ra2 39. Qf2 Rxf2+ 40. Kxf2 Ra2+ 41. Kg1 Nf5 0-1